<?xml version="1.0" encoding="UTF-8"?>
<record
    xmlns:xsi="http://www.w3.org/2001/XMLSchema-instance"
    xsi:schemaLocation="http://www.loc.gov/MARC21/slim http://www.loc.gov/standards/marcxml/schema/MARC21slim.xsd"
    xmlns="http://www.loc.gov/MARC21/slim">

  <leader>00537nam a22001577a 4500</leader>
  <controlfield tag="003">OSt</controlfield>
  <controlfield tag="005">20240419104948.0</controlfield>
  <controlfield tag="008">240419b        |||||||| |||| 00| 0 eng d</controlfield>
  <datafield tag="040" ind1=" " ind2=" ">
    <subfield code="c">MRSPTU</subfield>
  </datafield>
  <datafield tag="100" ind1=" " ind2=" ">
    <subfield code="a">Bhiminder Singh (&#xA2D;&#xA40;&#xA2E; &#xA07;&#xA70;&#xA26;&#xA30; &#xA38;&#xA3F;&#xA70;&#xA18;)</subfield>
  </datafield>
  <datafield tag="245" ind1=" " ind2=" ">
    <subfield code="a">Marxvas, Nav-Marxvad ate Uttar-Adhuniktavad (&#xA2E;&#xA3E;&#xA30;&#xA15;&#xA38;&#xA35;&#xA3E;&#xA26; &#xA28;&#xA35;-&#xA2E;&#xA3E;&#xA30;&#xA15;&#xA38;&#xA35;&#xA3E;&#xA26; &#xA05;&#xA24;&#xA47; &#xA09;&#xA24;&#xA30; &#xA06;&#xA27;&#xA41;&#xA28;&#xA3F;&#xA15;&#xA24;&#xA3E;&#xA35;&#xA3E;&#xA26;)</subfield>
  </datafield>
  <datafield tag="250" ind1=" " ind2=" ">
    <subfield code="a">1st</subfield>
  </datafield>
  <datafield tag="260" ind1=" " ind2=" ">
    <subfield code="a">Punjab</subfield>
    <subfield code="b">Tarkbharti Parkashan</subfield>
    <subfield code="c">2004</subfield>
  </datafield>
  <datafield tag="300" ind1=" " ind2=" ">
    <subfield code="a">136</subfield>
  </datafield>
  <datafield tag="942" ind1=" " ind2=" ">
    <subfield code="2">ddc</subfield>
    <subfield code="c">BK</subfield>
    <subfield code="n">0</subfield>
  </datafield>
  <datafield tag="952" ind1=" " ind2=" ">
    <subfield code="0">0</subfield>
    <subfield code="1">0</subfield>
    <subfield code="2">ddc</subfield>
    <subfield code="4">0</subfield>
    <subfield code="7">0</subfield>
    <subfield code="8">BK</subfield>
    <subfield code="a">MCL</subfield>
    <subfield code="b">MCL</subfield>
    <subfield code="d">2024-04-19</subfield>
    <subfield code="l">0</subfield>
    <subfield code="p">G-271</subfield>
    <subfield code="r">2024-04-19 10:50:06</subfield>
    <subfield code="w">2024-04-19</subfield>
    <subfield code="y">BK</subfield>
  </datafield>
  <datafield tag="999" ind1=" " ind2=" ">
    <subfield code="c">10104</subfield>
    <subfield code="d">10104</subfield>
  </datafield>
</record>
